<?xml version="1.0" encoding="UTF-8"?>
<record
    xmlns:xsi="http://www.w3.org/2001/XMLSchema-instance"
    xsi:schemaLocation="http://www.loc.gov/MARC21/slim http://www.loc.gov/standards/marcxml/schema/MARC21slim.xsd"
    xmlns="http://www.loc.gov/MARC21/slim">

  <leader>01643nam a2200205Ia 4500</leader>
  <datafield tag="952" ind1=" " ind2=" ">
    <subfield code="0">0</subfield>
    <subfield code="1">0</subfield>
    <subfield code="2">lcc</subfield>
    <subfield code="4">0</subfield>
    <subfield code="7">0</subfield>
    <subfield code="a">04</subfield>
    <subfield code="b">04</subfield>
    <subfield code="d">2011-05-10</subfield>
    <subfield code="l">3</subfield>
    <subfield code="m">1</subfield>
    <subfield code="o">KGF1789 M85 </subfield>
    <subfield code="p">04 003282</subfield>
    <subfield code="r">2016-12-05</subfield>
    <subfield code="s">2016-12-02</subfield>
    <subfield code="t">1</subfield>
    <subfield code="w">2012-06-24</subfield>
    <subfield code="y">LB</subfield>
  </datafield>
  <datafield tag="952" ind1=" " ind2=" ">
    <subfield code="0">0</subfield>
    <subfield code="1">0</subfield>
    <subfield code="2">lcc</subfield>
    <subfield code="4">0</subfield>
    <subfield code="7">0</subfield>
    <subfield code="a">04</subfield>
    <subfield code="b">04</subfield>
    <subfield code="d">2012-09-21</subfield>
    <subfield code="l">9</subfield>
    <subfield code="m">1</subfield>
    <subfield code="o">KGF1789 M85</subfield>
    <subfield code="p">04 004070</subfield>
    <subfield code="r">2018-11-14</subfield>
    <subfield code="s">2018-11-14</subfield>
    <subfield code="t">2</subfield>
    <subfield code="w">2012-09-21</subfield>
    <subfield code="y">LB</subfield>
  </datafield>
  <datafield tag="952" ind1=" " ind2=" ">
    <subfield code="0">0</subfield>
    <subfield code="1">0</subfield>
    <subfield code="2">lcc</subfield>
    <subfield code="4">0</subfield>
    <subfield code="7">0</subfield>
    <subfield code="a">04</subfield>
    <subfield code="b">04</subfield>
    <subfield code="d">2015-05-25</subfield>
    <subfield code="l">5</subfield>
    <subfield code="o">KGF1789 M85</subfield>
    <subfield code="p">04 005184</subfield>
    <subfield code="r">2019-11-06</subfield>
    <subfield code="s">2019-11-04</subfield>
    <subfield code="t">3</subfield>
    <subfield code="w">2015-05-25</subfield>
    <subfield code="y">LB</subfield>
  </datafield>
  <datafield tag="999" ind1=" " ind2=" ">
    <subfield code="c">62770</subfield>
    <subfield code="d">62770</subfield>
  </datafield>
  <controlfield tag="008">120625s2006    mx            001 0 spa d</controlfield>
  <datafield tag="020" ind1=" " ind2=" ">
    <subfield code="a">9700765377</subfield>
  </datafield>
  <datafield tag="050" ind1=" " ind2="4">
    <subfield code="a">KGF1789 </subfield>
    <subfield code="b">M85 </subfield>
  </datafield>
  <datafield tag="100" ind1="1" ind2=" ">
    <subfield code="a">Mu&#xF1;oz Ram&#xF3;n, Roberto</subfield>
    <subfield code="e"> , autor</subfield>
  </datafield>
  <datafield tag="245" ind1="1" ind2="0">
    <subfield code="a">Tratado de derecho del trabajo </subfield>
    <subfield code="b"> : teor&#xED;a fundamental del derecho del trabajo instituciones laborales </subfield>
    <subfield code="c"> / Roberto Mu&#xF1;oz Ram&#xF3;n </subfield>
  </datafield>
  <datafield tag="250" ind1=" " ind2=" ">
    <subfield code="a">1a. edici&#xF3;n </subfield>
  </datafield>
  <datafield tag="260" ind1=" " ind2=" ">
    <subfield code="a">M&#xE9;xico</subfield>
    <subfield code="b"> : Porr&#xFA;a </subfield>
    <subfield code="c"> , 2006</subfield>
  </datafield>
  <datafield tag="300" ind1=" " ind2=" ">
    <subfield code="a">xxvii, 864 p&#xE1;ginas </subfield>
    <subfield code="c"> ; 23 cm.</subfield>
  </datafield>
  <datafield tag="505" ind1="0" ind2=" ">
    <subfield code="a">El estudio del derecho del trabajo 
Definici&#xF3;n del derecho del trabajo 
El derecho del trabajo en la sistem&#xE1;tica jur&#xED;dica 
Naturaleza jur&#xED;dica del derecho del trabajo 
Denominaci&#xF3;n 
Principios 
Fines 
Caracteres 
Autonom&#xED;a y relaciones 
El derecho del trabajo en la t&#xE9;cnica jur&#xED;dica 
Procedimientos y factores de producci&#xF3;n y conocimiento del derecho del trabajo 
Fuentes formales 
Fuentes formales generales 
Fuentes formales especiales 
Fuentes materiales 
Fuentes cognoscitivas 
Procedimientos de aplicaci&#xF3;n del derecho del trabajo 
Procedimientos de interpretaci&#xF3;n 
Procedimientos de integraci&#xF3;n 
Procedimientos de determinaci&#xF3;n de los &#xE1;mbitos de validez 
Instituciones laborales b&#xE1;sicas 
Relaci&#xF3;n de trabajo 
Empresas laborales 
Instituciones de las relaciones anteriores al nacimiento de la relaci&#xF3;n de trabajo </subfield>
  </datafield>
  <datafield tag="519" ind1=" " ind2=" ">
    <subfield code="a">Plan Flexible / </subfield>
    <subfield code="b">Derecho / </subfield>
    <subfield code="c">Derecho del Trabajo II (P16) / </subfield>
    <subfield code="d">(04 004070)</subfield>
  </datafield>
  <datafield tag="519" ind1=" " ind2=" ">
    <subfield code="a">Educaci&#xF3;n Mixta / </subfield>
    <subfield code="b">Derecho / </subfield>
    <subfield code="c">Derecho del Trabajo II (P16-3) / </subfield>
    <subfield code="d">(04 005184)</subfield>
  </datafield>
  <datafield tag="519" ind1=" " ind2=" ">
    <subfield code="a">Material Complementario / </subfield>
    <subfield code="d">(04 003282) </subfield>
  </datafield>
  <datafield tag="650" ind1=" " ind2="4">
    <subfield code="a">DERECHO LABORAL</subfield>
    <subfield code="z">M&#xC9;XICO </subfield>
  </datafield>
  <datafield tag="942" ind1=" " ind2=" ">
    <subfield code="c">LB</subfield>
  </datafield>
</record>
